LEADER 01006cam2 22002531 450 001 SOBE00070166 005 20220311103306.0 100 $a20220311f1971 |||||ita|0103 ba 101 $aita 102 $aIT 200 1 $a<<1: >>Anno accademico 1970-1971$fGiovanni Tarello 210 $aGenova$cCooperativa libraria universitaria$d[1971?] 215 $a323 p.$d24 cm 461 1$1001SOBE00070165$12001 $a<>ideologie della codificazione nel secolo 18. / Giovanni Tarello 700 1$aTarello$b, Giovanni$3AF00008150$4070$0142691 801 0$aIT$bUNISOB$c20220311$gRICA 850 $aUNISOB 852 $aUNISOB$jFondo|Craveri$m172995 912 $aSOBE00070166 940 $aM 102 Monografia moderna SBN 941 $aM 957 $aFondo|Craveri$b001078$i-1$gSI$d172995$n20200928$hCraveri$rDono$1rovito$2UNISOB$3UNISOB$420220311103152.0$520220311103242.0$6rovito$fPer le modalità di consultazione vedi home page Biblioteca link Fondi 996 $aAnno accademico 1970-1971$92789494 997 $aUNISOB